Every #1 Seed in the NCAA Division I Men's Basketball Tournament - Statistics

General Stats
  • This quiz has been taken 427 times
  • The average score is 28 of 46
Answer Stats
# of 1 Seeds Team % Correct
13 Duke
98%
14 Kansas
95%
16 North Carolina
95%
12 Kentucky
94%
4 UCLA
90%
1 Michigan
87%
2 Florida
86%
1 Texas
86%
5 Michigan State
84%
2 Gonzaga
78%
4 Ohio State
78%
6 Virginia
78%
3 Indiana
76%
4 Villanova
76%
6 Arizona
75%
1 Oregon
74%
5 Oklahoma
71%
5 Connecticut
70%
3 Syracuse
69%
1 Wisconsin
67%
3 Purdue
65%
3 Illinois
63%
1 Houston
62%
2 Louisville
62%
2 LSU
61%
1 Washington
61%
5 Georgetown
60%
1 Maryland
57%
3 UNLV
56%
2 Arkansas
55%
1 Auburn
54%
2 Pittsburgh
51%
3 St. John's
47%
1 Memphis
46%
1 Notre Dame
45%
3 Stanford
45%
1 Wake Forest
45%
1 Missouri
44%
1 Xavier
43%
1 Cincinnati
42%
1 Wichita State
35%
1 Temple
30%
4 DePaul
28%
1 Oregon State
21%
1 St. Joseph's
21%
1 Indiana State
16%
No matching quizzes found
Score Distribution
Percent of People with Each Score
Percentile by Number Answered
Your Score History
You have not taken this quiz